| 000 | 01149 a2200277 4500 | ||
|---|---|---|---|
| 999 |
_c200419358 _d37761 |
||
| 001 | 200419358 | ||
| 003 | TR-AnTOB | ||
| 005 | 20241002152124.0 | ||
| 008 | 140421s tu 000 0 | ||
| 040 |
_aTR-AnTOB _btur _erda _cTR-AnTOB |
||
| 041 | 0 | _atur | |
| 050 | 0 | 0 |
_aHT395 _b.T93 1974 |
| 090 | _aRARE HT395.T93 1974 | ||
| 110 | 2 |
_9123702 _aTürkiye. _bÇevre ve Şehircilik Bakanlığı. _bMekânsal Planlama Genel Müdürlüğü. _bİmar planlama dairesi. |
|
| 245 | 1 | 0 |
_aElazığ - Keban bölgesi fiziki yerleşme planı = _bElazığ - Keban region physical settlement plan |
| 264 | 1 |
_aAnkara: _bİmar ve İskan Bakanlığı Planlama ve İmar Genel Müdürlüğü, _c1974. |
|
| 300 |
_a128 pages : _billustrated, maps, plans ; _c25 cm. |
||
| 336 |
_atext _2rdacontent _btxt |
||
| 337 |
_aunmediated _2rdamedia _bn |
||
| 338 |
_avolume _2rdacarrier _bnc |
||
| 490 | 0 | _aİmar ve İskan Bakanlığı Planlama ve İmar Genel Müdürlüğü yayınları | |
| 650 | 0 | 0 |
_aBölgesel planlama _zTürkiye _zElazığ İli _998015 |
| 650 | 0 | 0 |
_aRegional planning _zTurkey _zElazığ İli _xElazig Turkey _998016 |
| 942 |
_cBK _2lcc |
||